Notice provisions - a change in attitude? (Record no. 68927)
[ view plain ]
| 000 -LEADER | |
|---|---|
| fixed length control field | 01167cam a2200241 4500 |
| 001 - CONTROL NUMBER | |
| control field | ABS64749 |
| 008 - FIXED-LENGTH DATA ELEMENTS--GENERAL INFORMATION | |
| fixed length control field | 011123n2001 000 0 eng u |
| 035 ## - SYSTEM CONTROL NUMBER | |
| System control number | (Sirsi) u115718 |
| 100 ## - MAIN ENTRY--PERSONAL NAME | |
| Personal name | Molloy, J. |
| 245 ## - TITLE STATEMENT | |
| Title | Notice provisions - a change in attitude? |
| 260 ## - PUBLICATION, DISTRIBUTION, ETC. | |
| Date of publication, distribution, etc. | 2001 |
| 490 ## - SERIES STATEMENT | |
| Series statement | Surveying News |
| Volume/sequential designation | 10(9) October 2001, 15-16(2) |
| 520 ## - SUMMARY, ETC. | |
| Summary, etc. | In this article, the author revisits a topic he wrote about in 1998 entitled 'The importance of giving notice', which considered the requirements in contracts to give notice as the first step in the procedure for securing an extension of time. The matter has been recently raised again, in Australia in the potentially important case of "Gaymark Investments Pty Ltd v Walter Construction Group Ltd" (1999) where the court came to a different conclusion that no extension of time could be granted. |
| 590 ## - LOCAL NOTE (RLIN) | |
| Local note | ABS |
| 650 ## - SUBJECT ADDED ENTRY--TOPICAL TERM | |
| Topical term or geographic name entry element | EXTENSION OF TIME |
| 650 ## - SUBJECT ADDED ENTRY--TOPICAL TERM | |
| Topical term or geographic name entry element | NOTICE PROVISIONS |
| 650 ## - SUBJECT ADDED ENTRY--TOPICAL TERM | |
| Topical term or geographic name entry element | BUILT ENVIRONMENT-BUILDING CONTRACT FORMS |
| 650 ## - SUBJECT ADDED ENTRY--TOPICAL TERM | |
| Topical term or geographic name entry element | CONDITION PRECEDENTS |
| 650 ## - SUBJECT ADDED ENTRY--TOPICAL TERM | |
| Topical term or geographic name entry element | LIQUIDATED DAMAGES |
| 650 ## - SUBJECT ADDED ENTRY--TOPICAL TERM | |
| Topical term or geographic name entry element | REASONABLE TIME |
| 690 ## - LOCAL SUBJECT ADDED ENTRY--TOPICAL TERM (OCLC, RLIN) | |
| Topical term or geographic name as entry element | BUILT ENVIRONMENT-BUILDING CONTRACT FORMS |
| 942 ## - ADDED ENTRY ELEMENTS (KOHA) | |
| Suppress in OPAC | 0 |
| Withdrawn status | Lost status | Source of classification or shelving scheme | Damaged status | Not for loan | Home library | Current library | Shelving location | Date acquired | Total Checkouts | Full call number | Barcode | Date last seen | Copy number | Price effective from | Koha item type |
|---|---|---|---|---|---|---|---|---|---|---|---|---|---|---|---|
| Dewey Decimal Classification | London | London | Journal article | 23/11/2001 | ABS64749 | 115718-1001 | 06/08/2019 | 1 | 06/08/2019 | Journal article |